000
00329nam a2200169Ia 4500
100
_a
Neogy/Jayant
650
_a
General
942
_c
BK
366
_f
20
654
_a
resume
245
_a
Winning Resume
260
_b
Unicorn Books
_c
2008
082
_a
375.0086
_b
NEO
300
_a
124
546
_a
ENGLISH
999
_c
34540
_d
34540